LEADER 01262nam a2200289 i 4500 001 000000142531 003 CaOOAMICUS 005 20050906000000.0 008 050906s1995 it u000 u ita u 013 $a117887 020 $a88-8049-063-X 040 $aSeMil$bita 245 13$aLa Sacra Terra :$bChiesa e territorio /$ca cura di Franco Demarchi, Salvatore Abbruzzese. 260 $aRimini :$bGuaraldi,$cCopyr. 1995. 300 $a318 p., [32] p. di tav. :$btabelle, grafici ;$c24 cm. 490 0 $aSaggi, percorsi & oltre. Saggi 500 $aContiene : Bibliografia. 650 4$aDiocesi - Organizzazione territoriale.$0(OLS)http://semarc/subject/28049 700 1 $aAbbruzzese, Salvatore,$d<1954- >.$0(OLS)http://semarc/name/90346 700 1 $aDemarchi, Franco.$0(OLS)http://semarc/name/17076 830 0$aSaggi, percorsi & oltre. Saggi.$0(OLS)http://semarc/title/11910 850 $aSeMil 852 $aSeMil$W1$xVenegono$y1$m4Y IV 144$j95700$B95700$CSeMilBibl$Z2$F102860 $81 961 $aOmaggio: Bressan don Luca 996 $6020$a88-8049-063-X$9(OLS)http://semarc/number/130887 996 $6245$aLa Sacra Terra :$bChiesa e territorio$9(OLS)http://semarc/title/208480 996 $6260$aRimini :$bGuaraldi$9(OLS)http://semarc/publisher/32324 LEADER 01067nam a2200253 i 4500 001 000000155956 003 CaOOAMICUS 005 20061124000000.0 008 061124s1969 it u000 u ita u 013 $a133310 040 $aSeMil$bita 240 12$aL'opera completa di Hans Memling.$0(OLS)http://semarc/title/228528 245 12$aL'opera completa di Memling /$cpresentazione di Maria Corti ; apparati critici e filologici di Giorgio T. Faggin. 260 $aMilano :$bRizzoli,$c1969. 300 $a115 p. :$bill. ;$c32 cm. 490 0 $aClassici dell'arte ;$v27 500 $aContiene : Bibliografia essenziale. 700 1 $aFaggin, Giorgio.$0(OLS)http://semarc/name/40871 700 1 $aCorti, Maria.$0(OLS)http://semarc/name/4140 830 0$aClassici dell'arte ;$v27.$0(OLS)http://semarc/title/529 850 $aSeMil 852 $aSeMil$W1$xVenegono$y1$m5L XI 27$j107778$B107778$CSeMilBibl$Z2$F117429 $81 996 $6245$aL'opera completa di Memling$9(OLS)http://semarc/title/228527 996 $6260$aMilano :$bRizzoli$9(OLS)http://semarc/publisher/29824